00955 a2200289 4500502002400000260001500024653001400039100001800053041000700071260003100078300001500109245008100124650002400205650002200229650001100251650001200262260002000274300002900294130000700323710002600330040001400356041000700370100008900377651001000466520017100476020001800647 aThèse de Doctorat aWageningen1 aAgronomie aYE, Jingzhong bEn bUniversité de Wageningen axii-288 p. aProcesses of enlightnment : farmer initiatives in rural development in China aDEVELOPPEMENT RURAL aRURAL DEVELOPMENT aPAYSAN aFERMIER c11 october 2002 bIll., Couv. ill. ; 24 cm lEn aWageningen University aSupport  bEn uAbomey-Calavi, Université d'Abomey-Calavi, Faculté des Sciences Agronomiques, Bj aCHINA aThis research concerns develompent initiatives in rural communities. I define a farmer initiative as the impetus that sufficiently and necessarily drives a farmer ... a90-5808-730-1